Catálogo de la Biblioteca Horacio González - Universidad Nacional de General Sarmiento

Diccionario etimológico del lunfardo (Registro nro. 19104)

Detalles MARC
000 -CABECERA
campo de control de longitud fija 01060nam a22003250a 4500
001 - NÚMERO DE CONTROL
campo de control PT22625
003 - IDENTIFICADOR DEL NÚMERO DE CONTROL
campo de control AR-LpoUNG
005 - FECHA Y HORA DE LA ÚLTIMA TRANSACCIÓN
campo de control 20210131233100.0
008 - DATOS DE LONGITUD FIJA--INFORMACIÓN GENERAL
campo de control de longitud fija 191001s2004||||ag |||||||||||||||||spa d
020 ## - NÚMERO INTERNACIONAL ESTÁNDAR DEL LIBRO
Número Internacional Estándar del Libro 9870400035
Condiciones de disponibilidad $7
040 ## - FUENTE DE LA CATALOGACIÓN
Centro catalogador/agencia de origen AR-LpoUNG
Lengua de catalogación spa
Centro/agencia transcriptor AR-LpoUNG
Normas de descripción aacr
041 ## - CÓDIGO DE LENGUA
Código de lengua del texto/banda sonora o título independiente spa
044 ## - CÓDIGO DEL PAÍS DE LA ENTIDAD EDITORA/PRODUCTORA
Código MARC del país ag
082 0# - NÚMERO DE LA CLASIFICACIÓN DECIMAL DEWEY
Número de clasificación R467 745dic
100 1# - ENTRADA PRINCIPAL--NOMBRE DE PERSONA
Nombre de persona Conde, Oscar
245 10 - MENCIÓN DE TÍTULO
Título Diccionario etimológico del lunfardo
250 ## - MENCIÓN DE EDICIÓN
Mención de edición 1ra. ed.
260 ## - PUBLICACIÓN, DISTRIBUCIÓN, ETC.
Lugar de publicación, distribución, etc. Buenos Aires :
Nombre del editor, distribuidor, etc. Aguilar - Altea - Taurus - Alfaguara,
Fecha de publicación, distribución, etc. 2004.
300 ## - DESCRIPCIÓN FÍSICA
Extensión 326 p. :
Otras características físicas il.
505 0# - NOTA DE CONTENIDO CON FORMATO
Nota de contenido con formato Los ítems S00065505 y S00065546 corresponden a la 3ra. edición de 2019.
520 ## - SUMARIO, ETC.
Sumario, etc. <p>Este diccionario es el único que da cuenta de la etimología de los vocablos y resulta incomparable por su rigor científico, lo que redunda en una mayor claridad y facilita las búsquedas.</p>
650 #4 - PUNTO DE ACCESO ADICIONAL DE MATERIA--TÉRMINO DE MATERIA
Término de materia o nombre geográfico como elemento de entrada DICCIONARIOS
650 #4 - PUNTO DE ACCESO ADICIONAL DE MATERIA--TÉRMINO DE MATERIA
Término de materia o nombre geográfico como elemento de entrada ETIMOLOGIA
650 #4 - PUNTO DE ACCESO ADICIONAL DE MATERIA--TÉRMINO DE MATERIA
Término de materia o nombre geográfico como elemento de entrada LENGUA ESPAÑOLA
650 #4 - PUNTO DE ACCESO ADICIONAL DE MATERIA--TÉRMINO DE MATERIA
Término de materia o nombre geográfico como elemento de entrada TERMINOLOGIA
651 #4 - PUNTO DE ACCESO ADICIONAL DE MATERIA--NOMBRE GEOGRÁFICO
Nombre geográfico Argentina
653 ## - TÉRMINO DE INDIZACIÓN--NO CONTROLADO
Término no controlado LUNFARDO
905 ## - ELEMENTOS DE DATOS E LOCAL, LDE (RLIN)
a 22625
942 ## - ELEMENTOS DE PUNTO DE ACCESO ADICIONAL (KOHA)
Tipo de ítem Koha Lectura en Sala
Existencias
Estado de retiro Estado de pérdida Estado dañado No para préstamo Código de colección Localización permanente Ubicación/localización actual Fecha de adquisición Total de préstamos Signatura topográfica completa Código de barras Fecha visto por última vez Precio válido a partir de Tipo de ítem Koha Fecha del último préstamo
        Colección Referencia Biblioteca Universidad Nacional de General Sarmiento Biblioteca Universidad Nacional de General Sarmiento 31/01/2021   467 745dic S00027244 31/01/2021 31/01/2021 Lectura en Sala  
        Colección Referencia Biblioteca Universidad Nacional de General Sarmiento Biblioteca Universidad Nacional de General Sarmiento 31/01/2021 2 467 745dic S00065505 25/03/2025 31/01/2021 Lectura en Sala 11/03/2025
        Colección Referencia Biblioteca Universidad Nacional de General Sarmiento Biblioteca Universidad Nacional de General Sarmiento 31/01/2021   467 745dic S00065546 31/01/2021 31/01/2021 Lectura en Sala